| 000 | 00433nam a2200133Ia 4500 | ||
|---|---|---|---|
| 008 | 211119s9999||||xx |||||||||||||| ||und|| | ||
| 082 |
_a894.812 4 _bMAN-P |
||
| 100 | _aManoj, M D | ||
| 245 | 0 | _aPriyapetta Pattukal | |
| 260 |
_bMathrubhumi Books _aKottayam _c2014 |
||
| 300 | _a340p | ||
| 650 |
_aLiterature & rhetoric _v Literatures of other languagesAltaic, Uralic, Hyperborean & Dravidian Malayalam _xGeneral Stack |
||
| 942 | _cBOOK | ||
| 999 |
_c119947 _d119947 |
||